01557nam a2200433 a 450000500170000000800410001702000150005804100080007310000200008124500910010125000770019226000310026930000110030050001390031165300260045065300250047665300300050165300260053165300530055765300280061065300290063865300240066765300100069165300280070165300230072965300260075265300410077865300120081965300340083165300410086565300350090665300230094165300210096465300310098565300320101665300130104865300420106170000200110320240528121410.0101001s1991||||sp il. f |||| 001 0 spa d a843110404X aspa1 aRouviere, Henri aAnatomía Humana. Descriptiva, topográfica y funcional.bT.2 Tronco /cH. Rouviere. a9a ed. en español revisada y aumentada bTraducción E. Acosta Vidrio aBarcelona:bMasson;c1991. a686 p. aRouviere, H. y Delmas, A. (1991). Anatomía Humana. Descriptiva, topográfica y funcional. T.2 Tronco. (9a ed.). Barcelona : Masson. aAnatomía del tronco aEsqueleto del tronco aArticulaciones del tronco aMúsculos del tronco aMúsculos de la pared anterolateral del abdomen aAponeurosis del abdomen aAnatomía del corazón aArterias del tronco aVenas aLinfáticos del tronco aNervios del tronco aVísceras del tronco aAnatomía topográfica del tórax aAbdomen aAparato digestivo y peritoneo aAnatomía topográfica del abdomen aRegión lumbar y pelvis menor aÓrganos lumbares aAparato urinario aAparato genital del hombre aAparato genital de la mujer aPeriné aAnatomía topográfica del periné1 aDelmas, André